| 000 | 00682nam a2200133Ia 4500 | ||
|---|---|---|---|
| 008 | 220616s9999||||xx |||||||||||||| ||und|| | ||
| 022 | _a0302-9743 / 1611-3349 | ||
| 100 | _aDirk Börner||Peter van Rosmalen||Jan Schneider||Marcus Specht | ||
| 245 | 0 | _aChapter: 'The Booth: Bringing Out the Super Hero in You' from book: Adaptive and Adaptable Learning: 11th European Conference on Technology Enhanced Learning, EC-TEL 2016, Lyon, France, September 13-16, 2016, Proceedings | |
| 546 | _aEnglish[eng] | ||
| 650 | _aaffective computing||self-confidence||demonstration||sensor-based learning | ||
| 856 | _uhttps://link.springer.com/chapter/10.1007/978-3-319-45153-4_56 | ||
| 942 | _cEB | ||
| 999 |
_c20588 _d20588 |
||